[Event "Castellar op"]
[Site "?"]
[Date "1996.??.??"]
[Round "?"]
[White "Pomes Marcet, Juan"]
[Black "De La Riva Aguado, Oscar"]
[WhiteElo "2420"]
[BlackElo "2470"]
[Result "0-1"]

1. d4 f5 2. Nf3 g6 3. h4 Nf6 4. Bg5 Bg7 5. Nbd2 d6 6. Bxf6 Bxf6 7. e4 e5 8. dxe5 dxe5 9. Bc4 Qe7 10. Qe2 Nc6 11. exf5 Bxf5 12. Ne4 O-O-O 13. Nxf6 Qxf6 14. c3 Bg4 15. Qe4 Bf5 16. Qe2 h6 17. Nd2 Bc2 18. Ne4 Bxe4 19. Qxe4 Rhf8 20. f3 Qd6 21. Qe3 e4 22. fxe4 Rde8 23. Rd1 Qe5 24. Bd3 Ne7 25. Kd2 Nf5 26. Qxa7 Qf4+ 27. Kc2 Ne3+ 28. Kb1 Nxd1 29. Qa8+ Kd7 30. Qxb7 Nxc3+ 31. bxc3 Rb8 32. Bb5+ Ke7 33. Qc6 Qd6 34. Qxd6+ Kxd6 35. Rd1+ Ke6 

0-1

[Event "Catalunya-chT"]
[Site "?"]
[Date "1996.??.??"]
[Round "?"]
[White "Rodriguez Vargas, Orestes"]
[Black "De La Riva Aguado, Oscar"]
[WhiteElo "2405"]
[BlackElo "2470"]
[Result "0-1"]

1. e4 c5 2. Nf3 e6 3. d4 cxd4 4. Nxd4 Nc6 5. Nb5 d6 6. c4 Nf6 7. N5c3 b6 8. Be2 Bb7 9. O-O Ne5 10. f4 Ned7 11. Bf3 Qc7 12. b3 a6 13. Bb2 Be7 14. Nd2 O-O 15. Qe2 e5 16. f5 b5 17. cxb5 axb5 18. Nxb5 Qb6+ 19. Kh1 Ba6 20. a4 Rfb8 21. Rfc1 Nc5 22. Ba3 Nfd7 23. Qe3 Bxb5 24. axb5 Qxb5 25. Be2 Bg5 26. Qxg5 Qxe2 27. Bxc5 Nxc5 28. Nc4 Nxe4 29. Qe7 Rxa1 30. Rxa1 Qd3 31. Qb7 Rf8 32. h3 Ng3+ 33. Kh2 Nxf5 34. Ra5 g6 35. Rd5 Qe4 36. Qb5 Nd4 37. Qb7 Qf4+ 38. Kh1 Qf1+ 39. Kh2 Ne2 40. Qb6 Ra8 41. Na5 Qf4+ 42. Kh1 Ng3+ 43. Kg1 Qc1+ 44. Kh2 Nf1+ 

0-1